Lanean...

Sabse bada sipahiya

Xehetasun bibliografikoak
Egile nagusia: Virendra Jain
Formatua: Printed Book
Argitaratua: New Delhi Vani 2012
Gaiak:
LEADER 01210nam a22003011a 4500
020 |a 9788170551638  |c 0.00 
040 |a SSUS - Library - Kalady 
082 |a H3  |b VIR/S 
100 |a Virendra Jain 
245 |a Sabse bada sipahiya  |h [Text] 
260 |a New Delhi  |b Vani   |c 2012 
300 |a 125p. 
600 |a Novel Hindi 
600 |a Literature Hindi 
600 |a Literature 
852 |h H3  |i VIR/S  |p 021342  |9 80.00  |t 0 
852 |h H3  |i VIR/S  |p 038427  |9 80.00  |t 0 
852 |h H3  |i VIR/S  |p 038428  |9 80.00  |t 0 
852 |h H3  |i VIR/S  |p 071371  |9 100.00  |t 0 
942 |c BK 
942 |c BK 
942 |c BK 
942 |c BK 
999 |c 38973  |d 38973 
952 |0 0  |1 0  |4 0  |6 H_3_000000000000000_VIR_S  |7 0  |9 56318  |a SSUS  |b SSUS  |d 2015-01-08  |g 80.00  |o H3 VIR/S  |p 021342  |r 2015-01-08  |v 0.00  |w 2015-01-08  |y BK 
952 |0 0  |1 0  |4 0  |6 H_3_000000000000000_VIR_S  |7 0  |9 56319  |a SSUS  |b SSUS  |d 2015-01-08  |g 80.00  |o H3 VIR/S  |p 038427  |r 2015-01-08  |v 0.00  |w 2015-01-08  |y BK 
952 |0 0  |1 0  |4 0  |6 H_3_000000000000000_VIR_S  |7 0  |9 56320  |a SSUS  |b SSUS  |d 2015-01-08  |g 80.00  |o H3 VIR/S  |p 038428  |r 2015-01-08  |v 0.00  |w 2015-01-08  |y BK 
952 |0 0  |1 0  |4 0  |6 H_3_000000000000000_VIR_S  |7 0  |9 56321  |a SSUS  |b SSUS  |d 2015-01-08  |g 100.00  |o H3 VIR/S  |p 071371  |r 2015-01-08  |v 0.00  |w 2015-01-08  |y BK